Збережено в:
Бібліографічні деталі
Співавтор: Oficyna Wydawnicza Alma-Press
Інші автори: (1919-1977)
Формат: Електронний ресурс
Мова:Польська
Англійська
Опубліковано: Warszawa : "Alma-Press", 1990
Редагування:[Wyd. 2].
Теги: Додати тег
Немає тегів, Будьте першим, хто поставить тег для цього запису!

MARC

LEADER 00000am|aa2200000i||4500
001 9910379046905606
005 20260515140227.0
008 260426t pl ||||| |||| 00| u pol d
020 |a 8370200885 
035 |a 991001716869705066 
035 |a (PL-WaBN)b10484735-48omnis_nlop 
035 |a b10484735 
035 |a (OCoLC)76321642 
035 |a zz2006892102 
035 |a (PL)b0000001048473 
040 |a WA N  |c WA N  |d WA N 
041 1 |a pol  |h eng 
080 |a 820-3 
090 |c 86  |d 85 
245 1 0
246 1 |i Tyt. oryg.:  |a When eight bells toll, 
250 |a [Wyd. 2]. 
260 |a Warszawa :  |b "Alma-Press",  |c 1990  |f ZG). 
300 |a 265, [7] s. ;  |c 17 cm. 
700 1 |d (1919-1977) 
710 2 |a Oficyna Wydawnicza Alma-Press 
920 |a 83-7020-088-5 
942 |c K 
952 |0 0  |1 0  |4 0  |6 R__67_000000000000000  |7 0  |9 83  |a RYT  |b RYT  |d 2026-04-26  |e 1/2026  |g 10.00  |l 0  |o R.67  |p 2000000000671  |r 2026-05-15 14:02:27  |w 2026-05-15  |y BK  |z da 
999 |c 83  |d 83